Brazil 2019 Copa America Starting XIs Quiz Stats

 Plays Quiz not verified by Sporcle

Score 0/66 Timer 03:00
2 Plays Today
Answer % Correct
Alisson
98%
Alisson
98%
Alisson
98%
Alisson
98%
Alisson
98%
Alisson
98%
Thiago Silva
92.7%
Thiago Silva
92.7%
Thiago Silva
92.7%
Thiago Silva
92.7%
Thiago Silva
92.7%
Thiago Silva
92.7%
Dani Alves
91.2%
Dani Alves
91.2%
Dani Alves
91.2%
Dani Alves
91.2%
Dani Alves
91.2%
Dani Alves
91.2%
Roberto Firmino
86.3%
Roberto Firmino
86.3%
Roberto Firmino
86.3%
Roberto Firmino
86.3%
Roberto Firmino
86.3%
Roberto Firmino
86.3%
Gabriel Jesus
84.9%
Gabriel Jesus
84.9%
Gabriel Jesus
84.9%
Gabriel Jesus
84.9%
Philippe Coutinho
83.4%
Philippe Coutinho
83.4%
Philippe Coutinho
83.4%
Philippe Coutinho
83.4%
Philippe Coutinho
83.4%
Answer % Correct
Philippe Coutinho
83.4%
Casemiro
79.5%
Casemiro
79.5%
Casemiro
79.5%
Casemiro
79.5%
Casemiro
79.5%
Fernandinho
77.1%
Marquinhos
73.2%
Marquinhos
73.2%
Marquinhos
73.2%
Marquinhos
73.2%
Marquinhos
73.2%
Marquinhos
73.2%
Filipe
72.2%
Filipe
72.2%
Filipe
72.2%
Filipe
72.2%
Everton
65.4%
Everton
65.4%
Everton
65.4%
Everton
65.4%
Richarlison
54.6%
Richarlison
54.6%
Arthur
53.2%
Arthur
53.2%
Arthur
53.2%
Arthur
53.2%
Alex Sandro
53.2%
Alex Sandro
53.2%
Arthur
53.2%
David Neres
33.7%
David Neres
33.7%
Allan
22.9%

You're not logged in!

Compare scores with friends on all Sporcle quizzes.
OR
Log In

Show Comments

Extras

Top Quizzes Today


Score Distribution

Your Account Isn't Verified!

In order to create a playlist on Sporcle, you need to verify the email address you used during registration. Go to your Sporcle Settings to finish the process.

Report this User

Report this user for behavior that violates our Community Guidelines.

Details: